Movies Quiz

Random Movies or Clickable Quiz

101 Movie 'I' & 'J' Words Quiz Stats

 Plays Quiz Updated Jul 11, 2018

Challenge
Share
Tweet
Embed
Score 0/101 Timer 11:00
3 Plays Today
% Correct
Impossible
89.7%
Jones's
88.8%
Jedi
88.6%
Inc.
88.6%
Jekyll
88.5%
Intelligence
87.9%
Inglourious
87.9%
Indiana
87.6%
Jump
87.5%
Instinct
87.5%
Jacket
87.1%
Jeepers
86.6%
Ice
86.2%
Identity
86.2%
Julius
85.2%
Independence
84.8%
Itch
84.7%
Joan
84.6%
Iron
84%
Jane
83.9%
Jailhouse
83.8%
Irene
83.7%
Jurassic
83.6%
Jam
83.4%
Intentions
82.8%
Ivan
82.6%
Invasion
81.7%
Jack
81.5%
Jesse
80.9%
Innocent
79.8%
Jill
78.5%
Inferno
78.1%
Julia
77.1%
Importance
76.7%
% Correct
Incredible
76.6%
Jason
75.4%
Inside
74.7%
It
74.4%
Jackson
73.6%
Joe
72.5%
India
72.2%
Irish
72.2%
Jungle
72.1%
Jean
71.4%
Indian
70.8%
Into
70.6%
Jazz
70.5%
Jobs
70.4%
Jacob's
70.4%
Imitation
70.3%
Jackie
70.2%
Justice
70%
John
70%
Island
69.8%
Jewel
69.6%
Indemnity
68.3%
Journey
68.1%
Italian
63.8%
Jury
63.3%
Infinite
61.4%
Intolerable
61%
Jester
60.5%
Jersey
56.4%
Judgment
55.5%
Incident
55.5%
Jasmine
54.7%
Invisible
54.1%
Invention
53.1%
% Correct
Influence
52.1%
Johnny
49.6%
Jaws
49.2%
Insult
47.8%
Jeremiah
45.5%
Invaders
44.9%
Invitation
44%
Jour
43%
Irma
42.5%
July
42.5%
Infernal
42.2%
Inherit
40.9%
Jade
39.5%
Jacks
35.8%
Inherent
33.9%
In
33.4%
Illuminated
33.1%
Jordan
30.5%
Jet
29.3%
Jaw
28.7%
Investigation
28.3%
June
26.3%
Image
26.3%
Inland
21.9%
Italy
20.8%
Isle
19.9%
Indies
19.7%
Jim
18.9%
Java
15.4%
Intolerance
14.6%
Jesus
13.9%
Judge
10.4%
Juliet
9%

You're not logged in!

Compare scores with friends on all Sporcle quizzes.
Join for Free
OR
Log In

You Might Also Like...

Show Comments

Extras

Top Quizzes Today


Score Distribution

Your Account Isn't Verified!

In order to create a playlist on Sporcle, you need to verify the email address you used during registration. Go to your Sporcle Settings to finish the process.

Report this User

Report this user for behavior that violates our Community Guidelines.

Details: